<?xml version="1.0" encoding="UTF-8"?>
<collection xmlns="http://www.loc.gov/MARC21/slim">
 <record>
  <leader>00903ntm a2200169 i 4500</leader>
  <controlfield tag="001">misc71067</controlfield>
  <controlfield tag="005">20241205095732.0</controlfield>
  <controlfield tag="008">230505s1937    hu      o     000   hun d</controlfield>
  <datafield tag="040" ind1=" " ind2=" ">
   <subfield code="a">SZTE Miscellanea Repozitórium</subfield>
   <subfield code="b">hun</subfield>
  </datafield>
  <datafield tag="041" ind1=" " ind2=" ">
   <subfield code="a">hun</subfield>
  </datafield>
  <datafield tag="245" ind1="0" ind2="2">
   <subfield code="a">A Magyar Királyi Mezőgazdasági Vegykísérleti és Paprikakísérleti Állomás Szeged Szegedi Paprikajellegmegállapitó Bizottsága gratuláló levele Szent-Györgyi Alberthez. Szanyi István kir. fővegyész, az állomás vezetőjének aláírásával</subfield>
   <subfield code="h">[elektronikus dokumentum]</subfield>
  </datafield>
  <datafield tag="260" ind1=" " ind2=" ">
   <subfield code="c">1937-12-20</subfield>
  </datafield>
  <datafield tag="300" ind1=" " ind2=" ">
   <subfield code="a">1 fol.</subfield>
  </datafield>
  <datafield tag="561" ind1=" " ind2=" ">
   <subfield code="a">Szent-Györgyi Albert gratuláló levelek</subfield>
  </datafield>
  <datafield tag="695" ind1=" " ind2=" ">
   <subfield code="a">Levelezés - Magyar Királyi Mezőgazdasági Vegykísérleti és Paprikakísérleti Állomás Szeged - Szent-Györgyi Albert, Nobel-díj - 1937</subfield>
  </datafield>
  <datafield tag="700" ind1="0" ind2="1">
   <subfield code="a">Szanyi István</subfield>
  </datafield>
  <datafield tag="856" ind1="4" ind2="0">
   <subfield code="u">http://misc.bibl.u-szeged.hu/71067/1/gratulalo_levelek_031.pdf</subfield>
   <subfield code="z">Dokumentum-elérés </subfield>
  </datafield>
 </record>
</collection>
